How to get everything you ever wanted : complete guide to using your psychic common sense

Bibliographic Details
Main Author: Calabrese, Adrian
Format: Book
Published: Petaling Jaya : Golden Books Centre , 2005
Subjects:

MARC

LEADER 00000cam a2200000 7i4500
001 0000003389
005 20050824.0
020 0 0 |a 9837205296 
090 0 0 |a 133.8   |b CAL 
100 1 0 |a Calabrese, Adrian 
245 1 0 |a How to get everything you ever wanted :   |b complete guide to using your psychic common sense   |c Adrian Calabrese 
260 0 0 |a Petaling Jaya :   |b Golden Books Centre ,   |c 2005 
300 |a xvii, 242p. ;   |c 23cm. 
650 0 0 |a Parapsychology 
650 0 0 |a Psychic ability 
999 |a 0000006289   |b Monograph   |c Open Shelf   |e Default branch